Catálogo

POLITICA AGRICOLA : (Registro nro. 18657)

Detalles MARC
000 -LEADER
fixed length control field 00561nam a2200193 a 4500
001 - CONTROL NUMBER
control field 18657
005 - DATE AND TIME OF LATEST TRANSACTION
control field 20180713212001.0
008 - FIXED-LENGTH DATA ELEMENTS--GENERAL INFORMATION
fixed length control field 140415s1961 mx 000 0 spa d
041 ## - LANGUAGE CODE
Language code of text/sound track or separate title spa
082 ## - DEWEY DECIMAL CLASSIFICATION NUMBER
Classification number 338.18
Item number FER
100 1# - MAIN ENTRY--PERSONAL NAME
Personal name FERNANDEZ Y FERNANDEZ, RAMON
245 10 - TITLE STATEMENT
Title POLITICA AGRICOLA :
Remainder of title ENSAYO SOBRE NORMAS PARA MEXICO
250 ## - EDITION STATEMENT
Edition statement 1a ed.
260 ## - PUBLICATION, DISTRIBUTION, ETC.
Place of publication, distribution, etc. MEXICO :
Name of publisher, distributor, etc. FONDO DE CULTURA ECONOMICA,
Date of publication, distribution, etc. 1961
300 ## - PHYSICAL DESCRIPTION
Extent 269
490 ## - SERIES STATEMENT
Series statement SECCION DE OBRAS DE ECONOMIA
650 14 - SUBJECT ADDED ENTRY--TOPICAL TERM
Topical term or geographic name entry element POLITICA
General subdivision AGRICOLA
700 1# - ADDED ENTRY--PERSONAL NAME
Personal name ACOSTA, RICARDO
Relator term coaut.
Existencias
Withdrawn status Lost status Source of classification or shelving scheme Damaged status Not for loan Collection code Home library Current library Shelving location Date acquired Source of acquisition Inventory number Total Checkouts Full call number Barcode Date last seen Price effective from Koha item type
    Dewey Decimal Classification     General Biblioteca Karol Wojtyla Biblioteca Karol Wojtyla Sala general 03/12/2013 Compra 151000000000000000051877   338.18 FER 37995 05/01/2026 03/12/2013 Libro